| 000 | 00452nam a2200181Ia 4500 | ||
|---|---|---|---|
| 001 | 23738 | ||
| 005 | 20260414150957.0 | ||
| 008 | 260414t2008||||xx |||||||||||||| ||spa|| | ||
| 041 | _aESP | ||
| 082 |
_a701.15 _bG68 |
||
| 100 |
_aGonzáles Núñez, José de Jesús _eAUT |
||
| 245 | 0 |
_aPsicología psicoanalítica del arte _b |
|
| 260 | _c2008 | ||
| 300 |
_a258 páginas : _c23 cm. |
||
| 650 | _aABD | ||
| 654 | _aCAU | ||
| 942 |
_cLIB _dJUS _fJUS _2ddc _n |
||
| 999 |
_c23738 _d23738 |
||